Sri Lankas rubber industry: Succeeding in the global market (Record no. 69193)
[ view plain ]
| 000 -LEADER | |
|---|---|
| fixed length control field | 00447nam a2200169Ia 4500 |
| 100 ## - MAIN ENTRY--AUTHOR NAME | |
| Personal name | Ali R |
| 245 #0 - TITLE STATEMENT | |
| Title | Sri Lankas rubber industry: Succeeding in the global market |
| 260 ## - PUBLICATION, DISTRIBUTION, ETC. (IMPRINT) | |
| Name of publisher | World Bank Discussion Papers |
| Year of publication | 1997 |
| 300 ## - PHYSICAL DESCRIPTION | |
| Number of Pages | 108p |
| 500 ## - GENERAL NOTE | |
| General note | Source Year: 1998 |
| 650 ## - SUBJECT ADDED ENTRY--TOPICAL TERM | |
| Topical Term | Global rubber industry |
| 700 ## - ADDED ENTRY--PERSONAL NAME | |
| Personal name | Choudhry Y A |
| 700 ## - ADDED ENTRY--PERSONAL NAME | |
| Personal name | Lister D W |
| 856 ## - ELECTRONIC LOCATION AND ACCESS | |
| Uniform Resource Identifier | AEDR |
| 942 ## - ADDED ENTRY ELEMENTS (KOHA) | |
| Koha item type | Journals |
| Withdrawn status | Lost status | Damaged status | Not for loan | Home library | Current library | Shelving location | Date acquired | Serial Enumeration / chronology | Koha item type |
|---|---|---|---|---|---|---|---|---|---|
| Journals | RRII Library | RRII Library | Agricultural economics | 01/01/2021 | Volume No., Issue 370 | Journals |